01781nab a2200457 a 450000100060000000300080000600500170001400600190003100700150005000800410006502200140010603500210012004000260014105000190016708000070018608200120019310000300020521000480023522200950028324501820037826000620056030000130062231000100063536200190064553301640066454600390082865000170086765000440088465000210092865000150094965000200096465000370098465300140102165300270103565300180106265500320108070000340111271000190114674000960116585600620126129576FlNmELB20241216220514.0m o d | cr cn|||||||||201104r2006 sp |||||s|||||||||||spa d a1578-5157 a(OCoLC)955407683 aFlNmELBbspacFlNmELB 4aG62bV182 2006 a9104a9102221 aVallejo Villalta, Ismael.10aGeofocus. Rev. int. cienc. tec. inf. geogr. 0aGeofocus. Revista internacional de Ciencia y Tecnología de la información Geográfica10aSIGCOMSEh[recurso electronico] :bun sistema de información geográfica aplicado al comercio en la ciudad de Sevilla /cIsmael Vallejo Villalta, Joaquín Márquez Pérez. aMadrid :bAsociación de Geógrafos Españoles,c2006. a28-38 p. aAnual0 aNum. 6 (2006)- aRecurso electrónico. Santa Fe, Arg.: e-libro, 2015. Disponible vía World Wide Web. El acceso puede estar limitado para las bibliotecas afiliadas a e-libro. aResumenes en español e inglés. 0aGeografía. 0aSistemas de información geográfica. 0aTeledetección. 0aGeography. 0aRemote sensing. 0aGeographical information system. aGeografia aInformacion geografica aTeledeteccion 4aArtículos electrónicos.1 aMárquez Pérez, Joaquín.2 ae-libro, Corp.02aGeofocus. Revista internacional de Ciencia y Tecnología de la información Geográfica.40uhttps://elibro.net/ereader/politecnicointernacional/21520